Biggest Cities in Japan (Updated) - Statistics

General Stats
  • This quiz has been taken 58 times
  • The average score is 12 of 20
Answer Stats
Population City % Correct
9,733,276 Tokyo
98%
2,752,412 Osaka
94%
1,463,723 Kyoto
88%
1,973,395 Sapporo
88%
1,200,754 Hiroshima
86%
2,332,176 Nagoya
84%
3,777,491 Yokohama
80%
1,525,125 Kobe
78%
1,612,392 Fukuoka
71%
1,096,704 Sendai
67%
1,538,262 Kawasaki
43%
974,951 Chiba
41%
789,275 Niigata
41%
724,691 Okayama
41%
1,324,025 Saitama
41%
939,029 Kitakyushu
37%
738,865 Kumamoto
29%
790,718 Hamamatsu
27%
826,161 Sakai
20%
725,493 Sagamihara
18%
No matching quizzes found
Score Distribution
Percent of People with Each Score
Percentile by Number Answered
Your Score History
You have not taken this quiz